| 000 | 00686nam a2200241Ia 4500 | ||
|---|---|---|---|
| 003 | GCL | ||
| 008 | 140319s9999 xx 000 0 ara d | ||
| 040 |
_aGCL / _cGCL |
||
| 082 | 0 | 4 |
_a813.009 _bص ص |
| 100 | 1 | _aصبرى العسكرى | |
| 245 | 1 | 0 |
_aصوت ولاصدى / _cصبرى العسكرى |
| 700 | 1 | _aماهر داود | |
| 260 |
_a[S.N] : _b2000 للثقافة والنشر ، _c1984 |
||
| 300 | _a139 ص | ||
| 490 | _a | ||
| 650 | 0 | 4 | _aالادب العربى |
| 650 | 0 | 4 | _aنزار قبانى |
| 650 | 0 | 4 | _aلويس عوض |
| 650 | 0 | 4 | _aتاريخ ونقد |
| 650 | 0 | 4 | _aالادب والثورات |
| 650 | 0 | 4 | _aالادب والاخلاق |
| 942 |
_2ddc _cBK |
||
| 999 |
_c53362 _d53362 |
||